Microsoft visual basic.NET : basics (Record no. 32609)

MARC details
000 -LEADER
fixed length control field 00379nam a2200157Ia 4500
020 ## - INTERNATIONAL STANDARD BOOK NUMBER
ISBN 9780619182991
050 ## - CALL MARK
Classification number QA 76.73 .B3 .K56/
100 ## - STATEMENT OF RESPONSIBILITY--MAIN AUTHOR NAME
Personal name knowlton, thompson
245 #0 - TITLE STATEMENT
Title Microsoft visual basic.NET : basics
260 ## - PUBLICATION, DISTRIBUTION, ETC. (IMPRINT)
Place of publication New York
260 ## - PUBLICATION, DISTRIBUTION, ETC. (IMPRINT)
Name of publisher Thomson
300 ## - PHYSICAL DESCRIPTION
Number of Pages 356 p
942 ## - ADDED ENTRY ELEMENTS (KOHA)
Koha item type Books
Holdings
Withdrawn status Lost status Source of classification or shelving scheme Damaged status Not for loan Permanent Location Current Location Date acquired Accession Number Price effective from Koha item type
    Library of Congress Classification     NILE UNIVERSITY OF NIGERIA - MAIN LIBRARY NILE UNIVERSITY OF NIGERIA - MAIN LIBRARY 04/23/2025 0010030 04/23/2025 Books